000 00776nam a2200241 a 4500
001 000022673
005 20200930021730.0
008 101014s1997 es 001 0 spa d
020 _a8423988090
040 _aDO-SdBNP
_bspa
_cBNPHU
082 _axxxx
_bH895-
100 1 _aHugo, Victorio
_d1802-1885
_946627
245 1 0 _aNuestra señora de París ;
_bCromwell ; Hernani ; El rey se divierte /
_cVictorio Hugo.
260 _aMadrid, :
_bEditorial Espasa Calpe,
_c1997.
_fHuertas
300 _a757 p.
490 1 _aAntología de la literatura universal
563 _aVarias obras empaginadas en páginas continuas
740 2 _aCromwell
740 2 _aHernani
740 2 _aEl rey se divierte
830 0 _aAntología de la literatura universal
_946613
049 _aBNPD
999 _c22170
_d22170